Fill the Bible Verses #2 - Statistics

General Stats
  • This quiz has been taken 35 times
  • The average score is 11 of 20
Answer Stats
Answer % Correct
The LORD is my {Shepherd},
97%
He leads me beside still {waters}.
81%
I shall not {want}.
81%
{Trust} in the Lord with all your heart,
81%
He makes my lie down in green {pastures},
75%
they neither {sow} nor reap, nor gather into barns,
75%
Look at the {birds} of the air:
72%
{Psalms} 23:1
72%
Love is {patient} and kind;
69%
{Matthew} 6:36
69%
and do not lean on your own {understanding}.
66%
and yet your {heavenly} Father feeds them.
59%
and He will make {straight} your path.
56%
{Proverbs} 3:5-6
44%
Are you not of more {value} than they?
38%
love does not envy or {boast};
38%
{1 Corinthians} 13:4-5
34%
In all your ways {acknowledge} Him,
22%
It is not {arrogant} or rude.
6%
It does not insist on its own way, it is not irritable or {resentful}
0%
No matching quizzes found
Score Distribution
Percent of People with Each Score
Percentile by Number Answered
Your Score History
You have not taken this quiz